000 01625nam a2200253Ia 4500
999 _c53454
_d53454
001 20498
003 GE_BSU
005 20210329171706.0
008 181216s2017||||ge |||||||||||||| ||geo||
040 _cGE_BSU
041 _ageo
080 _a 81 დ-48
100 _aდილავეროვა, თამილა
_910814
245 _aიგავ - არაკები კულტურათშორის დისკურსი და მათი ლინგვოკულტურული ანალიზი /
_cთამილა დილავეროვა; სამეცნ. ხელმძღვანელი ნინო დვალიძე; ბსუ; ჰუმანიტარულ მეცნიერებათა ფაკ-ტი ევროპეისტიკის დეპარტამენტი.
264 _aბათუმი,
_c2017.
300 _a130 გვ.;
_b30 სმ.
653 _aდისერტაცია
653 _aიგავ - არაკები კულტურათშორის დისკურსი და მათი ლინგვოკულტურული ანალიზი
653 _aლინგვისტიკა
653 _aქართული ენა
700 _aდვალიძე, ნინო
_eსამეცნ. ხელმძღვანელი
_910815
710 _aბსუ;
_bჰუმანიტარულ მეცნიერებათა ფაკ-ტი ევროპეისტიკის დეპარტამენტი
_910816
942 _cBK
_2udc